Educational Technology Nursing education for BSc Nursing Students 5th Semester (Record no. 370036)
[ view plain ]
| 000 -LEADER | |
|---|---|
| fixed length control field | 00603nam a22002177a 4500 |
| 003 - CONTROL NUMBER IDENTIFIER | |
| control field | OSt |
| 005 - DATE AND TIME OF LATEST TRANSACTION | |
| control field | 20260128115344.0 |
| 008 - FIXED-LENGTH DATA ELEMENTS--GENERAL INFORMATION | |
| fixed length control field | 260122b |||||||| |||| 00| 0 eng d |
| 020 ## - INTERNATIONAL STANDARD BOOK NUMBER | |
| International Standard Book Number | 9789349482845 |
| 041 ## - LANGUAGE CODE | |
| Language code of text/sound track or separate title | Eng |
| 050 ## - LIBRARY OF CONGRESS CALL NUMBER | |
| Classification number | 610./DEO |
| 082 ## - DEWEY DECIMAL CLASSIFICATION NUMBER | |
| Edition number | 1st |
| Classification number | 610./DEO |
| 100 ## - MAIN ENTRY--PERSONAL NAME | |
| Personal name | Deori doli |
| 9 (RLIN) | 216505 |
| 110 ## - MAIN ENTRY--CORPORATE NAME | |
| Corporate name or jurisdiction name as entry element | Debbarma Punam |
| 9 (RLIN) | 216415 |
| 245 ## - TITLE STATEMENT | |
| Title | Educational Technology Nursing education for BSc Nursing Students 5th Semester |
| 260 ## - PUBLICATION, DISTRIBUTION, ETC. (IMPRINT) | |
| Place of publication, distribution, etc. | Jalandhar,punjab |
| Name of publisher, distributor, etc. | lotus Publication |
| Date of publication, distribution, etc. | 22.01.2026 |
| 300 ## - PHYSICAL DESCRIPTION | |
| Extent | 348 P. |
| 365 ## - TRADE PRICE | |
| Price type code | 281 |
| 610 ## - SUBJECT ADDED ENTRY--CORPORATE NAME | |
| Corporate name or jurisdiction name as entry element | Nursing Education |
| 9 (RLIN) | 216416 |
| 942 ## - ADDED ENTRY ELEMENTS (KOHA) | |
| Source of classification or shelving scheme | Dewey Decimal Classification |
| Koha item type | Donated Book |
| Withdrawn status | Lost status | Source of classification or shelving scheme | Damaged status | Not for loan | Home library | Current library | Date acquired | Vendor | Cost, normal purchase price | Bill number | Total Checkouts | Full call number | Barcode | Date last seen | Date last checked out | Cost, replacement price | Bill Date | Koha item type |
|---|---|---|---|---|---|---|---|---|---|---|---|---|---|---|---|---|---|---|
| Dewey Decimal Classification | Sitabai Nargundkar College of Nursing Nagpur | Sitabai Nargundkar College of Nursing Nagpur | 23/01/2026 | Donated By Reshma A. Raut | 332.00 | IK#2025-26#00918 | 1 | 610 DEO | SNCN-DB-358 | 08/05/2026 | 03/02/2026 | 332.00 | 29/01/2026 | Donated Book |